000 00978nam a22002657a 4500
001 BR7803286
003 BR-BrBNA
005 20230928085613.0
007 ta
008 230509b bl.||||| |||| 00| 0 por d
040 _aBR-BrBNA
_bpor
_cBiblioteca Nacional de Agricultura
041 _a(Por)
072 _aE30; F00; E15
_b/G514
090 _ E30 BR7803286
110 1 _aUnidade Regional de Supervisao Norte de Planejamento Agricola, Belem, PA (Brasil)
_910410
245 1 _aPerspectivas de producao, insumos e servicos para agricultura da regiao norte, 1978/79. Documento 1 - Analise dos principais produtos agricolas, da pecuaria e dos fatores de producao [economia da producao, Brasil]
260 3 _aBelem, PA (Brasil):
_c1978.
300 _a95 p.
500 _a16 tables; Bibliography p. 91-95 (64 ref.)
650 _aDESENVOLVIMENTO AGRICOLA
650 _aECONOMIA DA PRODUCAO
650 _aREGIAO NORTE
909 _a202309
_bLucia
_c55
_dLucia Elande
942 _cBK
999 _c25334
_d25334